| 000 | 00532nam a2200145Ia 4500 | ||
|---|---|---|---|
| 008 | 100122s9999 xx 000 0 und d | ||
| 082 |
_b71881 _a823.08 |
||
| 100 | _aकिणीकर रॉय | ||
| 245 | _aआंधळे रंग पांगळया रेषा | ||
| 260 |
_bडायमंड पब्लिकेशन्स _c2007 |
||
| 300 | _a123 | ||
| 630 | _aआंधळे रंग पांगळया रेषा | ||
| 730 | _aआंधळे रंग पांगळया रेषा | ||
| 942 | _cBOOK | ||
| 999 |
_c442318 _d442315 |
||